Statistics for All Pokémon with Infiltrator

Click here to take the quiz!

General Stats

  • This quiz has been taken 3 times
  • The average score is 6 of 26

Answer Stats

(Avail)abilityPokémon% Correct
Hidden AbilitySpiritomb
100%
Hidden AbilityCrobat
67%
Hidden AbilityGolbat
67%
Second AbilityNoibat
67%
Second AbilityNoivern
67%
Hidden AbilityZubat
67%
Hidden AbilityChandelure
33%
Hidden AbilityLampent
33%
Hidden AbilityLitwick
33%
Hidden AbilityNinjask
33%
Hidden AbilitySeviper
33%
Hidden AbilityBrambleghast
0%
Hidden AbilityBramblin
0%
Second AbilityCottonee
0%
Second AbilityDragapult
0%
Second AbilityDrakloak
0%
Second AbilityDreepy
0%
Second AbilityEspurr
0%
Hidden AbilityHoppip
0%
Hidden AbilityInkay
0%
Hidden AbilityJumpluff
0%
Hidden AbilityMalamar
0%
Second AbilityMeowstic♀
0%
Second AbilityMeowstic♂
0%
Hidden AbilitySkiploom
0%
Second AbilityWhimsicott
0%

Score Distribution

Percentile by Number Answered

Percent of People with Each Score

Your Score History

You have not taken this quiz